000
00206nam a22001097a 4500
100
_a
Chaturvedi B.K
245
_a
Chankya Neeti
250
_a
2013
260
_b
Diamond
300
_a
165
942
_2
ddc
_c
BK
999
_c
11006
_d
11006